| 000 | 00351nam a22001577a 4500 | ||
|---|---|---|---|
| 003 | SGT | ||
| 020 | _a9788131705735 | ||
| 082 | _a321.382,PRO | ||
| 100 | _aPROAKIS,JOHN.G. | ||
| 245 | _aFUNDAMENTALS OF COMMUNICATION | ||
| 250 | _a14TH | ||
| 260 |
_aCHENNAI _bPEARSON _c2013 |
||
| 300 | _a858 | ||
| 650 | _aELECTRICAL ENGINEERING | ||
| 942 |
_2ddc _cBK |
||
| 999 |
_c18331 _d18331 |
||